000
002820000a22000970004500
100
1
_a
Wright, David F.
245
1
0
_a
The reform of the church and women's ministry
300
_a
Vol. 9, Num. 2 (1991), Páginas 77-79
773
0
_t
Scottish Bulletin of Evangelical Theology
942
_c
ANA
999
_c
55687
_d
55687